| 000 | 00382nam a2200145Ia 4500 | ||
|---|---|---|---|
| 008 | 220204s9999 xx 000 0 und d | ||
| 082 |
_a633(213.5) _bSQU |
||
| 100 | _aSquire, G R | ||
| 245 | 0 | _aPhysiology of tropical crop production | |
| 260 |
_bCAB _c1990 |
||
| 650 | _aLeaf canopy | ||
| 650 | _aSolar radiation interception | ||
| 650 | _aTropical crop physiology | ||
| 942 | _cBK | ||
| 999 |
_c40207 _d40207 |
||